Subdivisions d'Oman avant 2011 - Carte Quiz - Statistiques

Statistiques générales
  • Ce quiz a été pris 15 fois
  • Le résultat moyen est 2 sur 9
Réponses sur la Carte
Les réponses sont colorées sur une échelle allant du rouge au vert en fonction du pourcentage des utilisateurs qui les ont devinées à leur premier essai. Vous pouvez retrouver ces pourcentages ci-dessous.
 
Statistiques - réponses
Region % Correct
Masqat
100%
Dhofar
33%
Adh-Dhahira
11%
Al-Batina
11%
Al Wusta
11%
Moussandam
11%
Ach-Charqiya
0%
Ad Dākhilīyah
0%
Al Buraymi
0%
Aucun quiz correspondant
Distribution des résultats
% des personnes avec chaque résultat
Percentile par nombre de réponses
Votre historique - résultats
Vous n’avez pas pris ce quiz